00967nam a2200205Ia 4500020001800000020001500018040000800033082002600041110011400067245019900181246007700380260007600457300002400533490005900557500002200616650002300638650001400661650002600675710006000701 a9789250056371 a9250056370 cOSU a338 FOO 2006 A064 Or.2 aGeneral Fisheries Commission for the Mediterranean (Food and Agriculture Organization of the United Nations).10aReport of the ninth session of the Scientific Advisory Committee :bRome, 24-27 October 2006 = Rapport de la neuvi©·me session du Comit©♭ Scientifique Consultatif : Rome, 24-27 octobre 200631aRapport de la huiti©·me session du Comit©♭ scientifique consultatif aRome :bFood and Agriculture Organization of the United Nations,cc2006 avi, 106 p. ;c30 cm1 aFAO fisheries report =aFAO rapport sur les p©®ches, a"FIPL/R814 (Bi)." 0aFishery management 0aFisheries 0aSustainable fisheries2 aFood and Agriculture Organization of the United Nations